Statistiques concernant Pays les plus proches de Hongrie - une minute sprint

Cliquez ici pour prendre le quiz!

Statistiques générales

  • Ce quiz a été pris 34 fois
  • Le résultat moyen est 16 sur 20

Statistiques - réponses

km pays % Correct
69Tchèquie
100%
76Pologne
100%
0Autriche
96%
0Roumanie
93%
0Serbie
93%
0Slovaquie
93%
220Allemagne
93%
0Croatie
93%
0Slovénie
89%
428Suisse
82%
0Ukraine
82%
258Bulgarie
79%
68Bosnie-
Herzégovine
75%
187Italie
75%
246Monténégro
71%
279Moldavie
71%
357Albanie
68%
318Kosovo
64%
357Biélorussie
61%
421Saint-Marin
14%

Distribution des résultats

Percentile par nombre de réponses

% des personnes avec chaque résultat

Votre développement - résultats

Vous n’avez pas pris ce quiz